000 01193cam a2200349 a 4500
001 12105534
003 NUST
005 20220420122248.0
008 000713s2001 nyua 000 1 eng
010 _a 00043682
020 _a0446527327
038 _awaseem
040 _aDLC
_cDLC
_dDLC
043 _an-us-la
050 0 0 _aPS3570.A248
_bC36 2001
082 0 0 _a813.6
_bTAD
100 1 _aTademy, Lalita.
_98176
245 1 0 _aCane River /
_cLalita Tademy.
260 _aNew York; U.S.A :
_bWarner Books,
_cc2001.
300 _axii, 418 p. :
_bill. ;
_c24 cm.
563 _aHBK.
650 0 _aAfrican American families
_vFiction.
_97577
650 0 _aAfrican American women
_vFiction.
_98177
650 0 _aMothers and daughters
_vFiction.
651 0 _aCane River Region (La.)
_vFiction.
_98178
651 0 _aLouisiana
_vFiction.
_98179
655 7 _aDomestic fiction.
_2lcsh
655 7 _aHistorical fiction.
_2gsafd
906 _a7
_bcbc
_corignew
_d1
_eocip
_f20
_gy-gencatlg
942 _2ddc
_cBK
999 _c589256
_d589256